000 00201nam a2200109Ia 4500
100 _a#N/A
942 _cBK
245 _aThe Britannica Quizmaster
260 _b#N/A
546 _aENGLISH
999 _c19824
_d19824